| 000 | 00470nam a2200169Ia 4500 | ||
|---|---|---|---|
| 999 |
_c27540 _d27540 |
||
| 003 | OSt | ||
| 005 | 20201117094349.0 | ||
| 008 | 190216s9999||||xx |||||||||||||| ||und|| | ||
| 040 | _coclc | ||
| 082 |
_a894.8123 _bMOH/T |
||
| 100 |
_aMohanavarma, K L _96455 |
||
| 245 | 0 |
_aThrippadidanam / _cK L Mohanavarma |
|
| 260 |
_bPoorna Pubs, _aKozhikode: _c1996. |
||
| 300 | _a69p | ||
| 650 | _aNovel | ||
| 942 |
_cBK _2ddc _h894.8123 _iMOH/T _k894.8123 _mMOH/T |
||